000 00504nam a2200181Ia 4500
005 20250423095435.0
008 250422s9999 xx 000 0 und d
020 _a9781111580711
050 _aTP 155.2 .T45 D34/
100 _aDahm, Kevin D.
245 0 _aFundamentals of chemical engineering thermodynamics
260 _aUnited State
260 _bTimothy Anderson
260 _c2015
300 _a763 p
650 _a Thermodynamics--Textbooks. Chemical engineering--Textbooks.
942 _cBK
999 _c30280
_d30280